[Event "27. ekipno prvenstvo RH - I.B"]
[Site "Biograd, Hotel Adria"]
[Date "2018.09.16"]
[Round "2.52"]
[White "Seyb, Alexander"]
[Black "Plat, Vojtech"]
[Result "1/2-1/2"]
[WhiteElo "2388"]
[BlackElo "2540"]
[PlyCount "237"]
[EventDate "2018.09.15"]
[WhiteTeam "ŠK BRDA Split"]
[BlackTeam "HAŠK MLADOST Zagreb"]

1. e4 d6 2. d4 Nf6 3. Nc3 e5 4. Nf3 Nbd7 5. Bc4 Be7 6. a4 O-O 7. O-O a5 8. Re1
c6 9. h3 Nb6 10. Ba2 Nfd7 11. Be3 exd4 12. Nxd4 Nc5 13. Qh5 g6 14. Qh6 Bf6 15.
Nf3 Bg7 16. Qf4 Qe7 17. Rad1 Be6 18. Bxe6 Nxe6 19. Qxd6 Qxd6 20. Rxd6 Bxc3 21.
bxc3 Nxa4 22. c4 Nb2 23. Nd2 a4 24. Ra1 a3 25. f4 Ra4 26. f5 Ng7 27. g4 Nxc4
28. Rd4 b5 29. Nxc4 bxc4 30. Kf2 a2 31. Rd7 Re8 32. Kf3 gxf5 33. gxf5 Ra3 34.
Ra7 Rc3 35. Rg1 Kf8 36. Kf2 Rxc2+ 37. Kf3 Rc3 38. Kf2 Nxf5 39. Bc5+ Ne7 40.
Rxa2 f6 41. Ra7 Rxh3 42. Rc7 Kf7 43. Ra1 Ke6 44. Bxe7 Rxe7 45. Rxc6+ Kf7 46.
Rxc4 Rb7 47. Kg2 Rh5 48. Ra6 Rb2+ 49. Kg3 Rb3+ 50. Kg2 Rg5+ 51. Kf2 Rb7 52.
Rcc6 Rg6 53. Kf3 Re7 54. Rc5 Kg7 55. Rca5 Rg1 56. Ra7 Rxa7 57. Rxa7+ Kg6 58.
Ra8 Rf1+ 59. Kg3 h5 60. Rg8+ Kh7 61. Re8 Re1 62. Kf4 Kg6 63. Rg8+ Kf7 64. Rh8
Rh1 65. Kf3 Kg7 66. Re8 Kf7 67. Rh8 Rh4 68. Ra8 Rg4 69. Rb8 Rg5 70. Ra8 Kg7 71.
Ra7+ Kg6 72. Ra8 h4 73. Rh8 Rh5 74. Rg8+ Kf7 75. Rg2 h3 76. Rh2 Ke6 77. Kg4 Rh8
78. Kf4 Rh7 79. Ke3 Ke5 80. Kf3 Rh8 81. Ke3 Ra8 82. Kf3 Ra3+ 83. Kg4 Kxe4 84.
Re2+ Re3 85. Rf2 Ke5 86. Rf5+ Ke6 87. Rh5 Ra3 88. Rh8 Rb3 89. Kf4 Rb2 90. Rh7
Rh2 91. Kg3 Rh1 92. Rh8 Kf5 93. Ra8 Kg6 94. Rg8+ Kh7 95. Rg4 Kh6 96. Rh4+ Kg5
97. Rg4+ Kf5 98. Ra4 Kg6 99. Ra8 f5 100. Rh8 Kf6 101. Rf8+ Ke5 102. Re8+ Kd6
103. Rf8 Ke6 104. Re8+ Kf7 105. Rh8 Ke6 106. Re8+ Kd6 107. Rf8 Rg1+ 108. Kh2
Rg5 109. Kxh3 Ke5 110. Ra8 Rg1 111. Ra5+ Kf4 112. Kh2 Rg8 113. Ra4+ Ke3 114.
Ra3+ Kd4 115. Ra4+ Kd3 116. Ra3+ Kc4 117. Rg3 Rxg3 118. Kxg3 f4+ 119. Kxf4
1/2-1/2

[Event "27. ekipno prvenstvo RH - I.B"]
[Site "Biograd, Hotel Adria"]
[Date "2018.09.16"]
[Round "2.53"]
[White "Zilka, Stepan"]
[Black "Rade, Miroslav"]
[Result "1-0"]
[WhiteElo "2521"]
[BlackElo "2395"]
[PlyCount "135"]
[EventDate "2018.09.15"]
[WhiteTeam "HAŠK MLADOST Zagreb"]
[BlackTeam "ŠK BRDA Split"]

1. e4 e5 2. Nf3 Nc6 3. d4 exd4 4. Nxd4 Bc5 5. Nxc6 Qf6 6. Qf3 bxc6 7. Nc3 d6 8.
Qg3 Qg6 9. Bd3 Qxg3 10. hxg3 Nf6 11. Na4 Bd4 12. c3 Bb6 13. f3 Nd7 14. Bf4 f6
15. g4 h6 16. O-O-O Ne5 17. Be2 Be6 18. b3 Ke7 19. Kc2 Nd7 20. Rhe1 Bf7 21. Bc1
Bf2 22. Rf1 Bg3 23. Rh1 h5 24. gxh5 Rxh5 25. Rxh5 Bxh5 26. Rh1 Bg6 27. Rh3 Bf2
28. Nb2 Bf7 29. Nd3 Bb6 30. Nb4 Ne5 31. Ba6 c5 32. Nd5+ Kd7 33. Ne3 Rg8 34. Be2
Ng6 35. Nf5 Ne7 36. Bb5+ Kd8 37. g4 Nxf5 38. gxf5 Ke7 39. Rh7 Be8 40. Bc4 Bf7
41. Bd5 Bxd5 42. exd5 Kd8 43. Kd3 Kc8 44. Bd2 Kb7 45. c4 Kc8 46. Kc2 Kb7 47.
Rh4 Re8 48. Rg4 Re7 49. Re4 Rxe4 50. fxe4 Kc8 51. Kb2 Kb7 52. Ka3 Kc8 53. Ka4
Kb7 54. Kb5 a6+ 55. Ka4 Ba7 56. Be1 Bb6 57. Bf2 Ka7 58. Bg1 Kb7 59. Be3 Ka7 60.
e5 dxe5 61. b4 c6 62. dxc6 Kb8 63. b5 Kc7 64. Bd2 e4 65. Bf4+ Kc8 66. bxa6 Ba7
67. Kb3 e3 68. Kc2 1-0

[Event "27. ekipno prvenstvo RH - I.B"]
[Site "Biograd, Hotel Adria"]
[Date "2018.09.16"]
[Round "2.55"]
[White "Brumen, Dinko"]
[Black "Ivic, Mateo"]
[Result "1-0"]
[WhiteElo "2315"]
[BlackElo "2223"]
[PlyCount "73"]
[EventDate "2018.09.15"]
[WhiteTeam "HAŠK MLADOST Zagreb"]
[BlackTeam "ŠK BRDA Split"]

1. d4 Nf6 2. Nf3 g6 3. c4 Bg7 4. Nc3 O-O 5. e4 d6 6. Be2 e5 7. dxe5 dxe5 8.
Qxd8 Rxd8 9. Nd5 Nxd5 10. cxd5 Bg4 11. Bg5 f6 12. Be3 Bf8 13. Rc1 c6 14. Bc4
Kg7 15. Nd2 Bd7 16. O-O cxd5 17. exd5 f5 18. f4 Bd6 19. Be2 Na6 20. Bxa6 bxa6
21. Nc4 Bb5 22. Nxd6 Rxd6 23. Rc7+ Kg8 24. Rd1 Rad8 25. fxe5 Rxd5 26. Rxd5 Rxd5
27. Bf4 Rd7 28. Rc8+ Kf7 29. b3 Ke6 30. h4 Kd5 31. a4 Bd3 32. Re8 Ke4 33. e6
Rb7 34. Bd6 Bc2 35. e7 Bxb3 36. Rc8 Bf7 37. Rf8 1-0

[Event "27. ekipno prvenstvo RH - I.B"]
[Site "Biograd, Hotel Adria"]
[Date "2018.09.16"]
[Round "2.56"]
[White "Curic, Drazen"]
[Black "Blazeka, Matej"]
[Result "0-1"]
[WhiteElo "2133"]
[BlackElo "2354"]
[PlyCount "104"]
[EventDate "2018.09.15"]
[WhiteTeam "ŠK BRDA Split"]
[BlackTeam "HAŠK MLADOST Zagreb"]

1. d4 Nf6 2. Nf3 d5 3. c4 c6 4. Nc3 e6 5. e3 Nbd7 6. cxd5 exd5 7. Bd3 Bd6 8.
Qc2 a6 9. b3 O-O 10. Bb2 Re8 11. O-O Qe7 12. g3 Ne4 13. Nh4 Ndf6 14. Nxe4 dxe4
15. Be2 Ng4 16. Ng2 Qe6 17. Qd1 Nf6 18. f3 Qh3 19. Nf4 Bxf4 20. exf4 exf3 21.
Bxf3 Bg4 22. d5 Bxf3 23. Rxf3 Nxd5 24. Qd2 Qe6 25. Rd1 f6 26. Bd4 Qe2 27. Rf2
Qxd2 28. Rdxd2 Re1+ 29. Kg2 Rd8 30. Kf3 Kf7 31. Bc5 Rc1 32. Rc2 Rxc2 33. Rxc2
b6 34. Bf2 Nb4 35. Rc4 c5 36. Be1 Nc6 37. b4 Nxb4 38. Bxb4 cxb4 39. Rxb4 b5 40.
a4 Rb8 41. axb5 axb5 42. Ke4 Ke6 43. g4 Kd6 44. Kd4 Kc6 45. Rb1 Rd8+ 46. Ke4
Re8+ 47. Kf5 Rb8 48. h4 b4 49. g5 fxg5 50. hxg5 g6+ 51. Ke6 b3 52. Rc1+ Kb5 0-1

[Event "27. ekipno prvenstvo RH - I.B"]
[Site "Biograd, Hotel Adria"]
[Date "2018.09.17"]
[Round "3.11"]
[White "Sprenger, Jan Michael"]
[Black "Sedlak, Nikola"]
[Result "0-1"]
[WhiteElo "2490"]
[BlackElo "2587"]
[PlyCount "86"]
[EventDate "2018.09.15"]
[WhiteTeam "ŠK BRDA Split"]
[BlackTeam "ŠK STRIDON Štrigova"]

1. e4 c6 2. d4 d5 3. e5 c5 4. dxc5 e6 5. a3 Bxc5 6. b4 Bb6 7. Bb2 Ne7 8. Nf3 a5
9. b5 Nd7 10. a4 Ng6 11. Bd3 Bc7 12. Bxg6 hxg6 13. O-O g5 14. h3 Nc5 15. Nbd2
b6 16. Re1 Bb7 17. Nd4 Qd7 18. N2b3 Bd8 19. Qd2 Ne4 20. Qe2 Be7 21. Ba3 Rc8 22.
Bxe7 Qxe7 23. f3 Nc3 24. Qd2 Rc4 25. Ne2 Nxa4 26. Nbd4 Rh4 27. Rad1 Nc3 28.
Nxc3 Rhxd4 29. Qxd4 Rxd4 30. Rxd4 Qc5 31. Ne2 Qxb5 32. Rdd1 Qc5+ 33. Nd4 Ba6
34. Kh2 Bc4 35. c3 a4 36. Rd2 a3 37. Ra1 a2 38. Rdxa2 Bxa2 39. Rxa2 Qxc3 40.
Ra8+ Kd7 41. Ra7+ Kc8 42. Nb5 Qxe5+ 43. Kh1 d4 0-1

[Event "27. ekipno prvenstvo RH - I.B"]
[Site "Biograd, Hotel Adria"]
[Date "2018.09.17"]
[Round "3.12"]
[White "Nemeth, Miklos"]
[Black "Seyb, Alexander"]
[Result "1/2-1/2"]
[WhiteElo "2477"]
[BlackElo "2388"]
[PlyCount "43"]
[EventDate "2018.09.15"]
[WhiteTeam "ŠK STRIDON Štrigova"]
[BlackTeam "ŠK BRDA Split"]

1. e4 c5 2. Nf3 d6 3. d4 cxd4 4. Nxd4 Nf6 5. Nc3 a6 6. Bg5 Nbd7 7. f4 Qc7 8.
Qf3 b5 9. a3 Bb7 10. Bd3 g6 11. Nb3 Bg7 12. O-O Rc8 13. Qe2 O-O 14. Rae1 h6 15.
Bh4 e5 16. fxe5 dxe5 17. Qf3 Qb6+ 18. Bf2 Qe6 19. a4 b4 20. Na2 a5 21. Nac1 Ra8
22. Nd2 1/2-1/2

[Event "27. ekipno prvenstvo RH - I.B"]
[Site "Biograd, Hotel Adria"]
[Date "2018.09.17"]
[Round "3.14"]
[White "Vernacki, Srdjan"]
[Black "Muha, Miljenko"]
[Result "1-0"]
[WhiteElo "2357"]
[BlackElo "2364"]
[PlyCount "81"]
[EventDate "2018.09.15"]
[WhiteTeam "ŠK STRIDON Štrigova"]
[BlackTeam "ŠK BRDA Split"]

1. Nf3 d5 2. e3 Nf6 3. c4 c6 4. b3 Bg4 5. Be2 e6 6. Bb2 Bd6 7. Ne5 Bxe2 8. Qxe2
O-O 9. O-O Nfd7 10. Nf3 Qe7 11. d3 Rd8 12. a3 a5 13. Nbd2 e5 14. e4 d4 15. g3
c5 16. Nh4 g6 17. Ng2 Nc6 18. f4 exf4 19. gxf4 f5 20. Rae1 fxe4 21. dxe4 Rf8
22. e5 Bc7 23. Qg4 Rae8 24. Ne4 Nd8 25. Bc1 Kh8 26. Nh4 Ne6 27. Rf3 Rg8 28. Rh3
g5 29. fxg5 Nxe5 30. Qh5 Ref8 31. Kh1 Qf7 32. Qxf7 Rxf7 33. Rg1 Nf4 34. Bxf4
Rxf4 35. Nxc5 Rf2 36. Ne6 Bd6 37. g6 Re8 38. g7+ Kg8 39. Nxd4 Ng6 40. Nhf5 Bxa3
41. Rxg6 1-0

[Event "27. ekipno prvenstvo RH - I.B"]
[Site "Biograd, Hotel Adria"]
[Date "2018.09.17"]
[Round "3.15"]
[White "Ivic, Mateo"]
[Black "Trbojevic, Mladen"]
[Result "0-1"]
[WhiteElo "2223"]
[BlackElo "2353"]
[PlyCount "78"]
[EventDate "2018.09.15"]
[WhiteTeam "ŠK BRDA Split"]
[BlackTeam "ŠK STRIDON Štrigova"]

1. e4 e5 2. Nf3 Nc6 3. Bb5 a6 4. Ba4 Nge7 5. d4 exd4 6. Nxd4 g6 7. Nc3 Bg7 8.
Be3 O-O 9. O-O b5 10. Bb3 Na5 11. Nde2 d6 12. Qd2 c5 13. Nd5 Nxb3 14. axb3 Nxd5
15. Qxd5 Be6 16. Qc6 Qc8 17. Qxd6 c4 18. Nf4 Bxb2 19. Nxe6 Qxe6 20. Qxe6 fxe6
21. Rab1 Bc3 22. Rfd1 Rfd8 23. Kf1 Rxd1+ 24. Rxd1 a5 25. Rd7 cxb3 26. cxb3 a4
27. bxa4 bxa4 28. Bd4 Bxd4 29. Rxd4 a3 30. Rd1 a2 31. Ra1 Kf7 32. Ke2 Kf6 33.
Ke3 Kg5 34. f3 h5 35. Kd3 Kf4 36. Ke2 h4 37. Kf2 Ke5 38. Ke3 Ra3+ 39. Kd2 h3
0-1

[Event "27. ekipno prvenstvo RH - I.B"]
[Site "Biograd, Hotel Adria"]
[Date "2018.09.17"]
[Round "3.16"]
[White "Tomasic, Roland"]
[Black "Curic, Drazen"]
[Result "1-0"]
[WhiteElo "2166"]
[BlackElo "2133"]
[PlyCount "65"]
[EventDate "2018.09.15"]
[WhiteTeam "ŠK STRIDON Štrigova"]
[BlackTeam "ŠK BRDA Split"]

1. e4 c5 2. Nf3 a6 3. c4 g6 4. d4 cxd4 5. Nxd4 Bg7 6. Be2 Nf6 7. Nc3 d6 8. O-O
O-O 9. Rb1 Nbd7 10. Kh1 Nc5 11. f3 e5 12. Nc2 Nh5 13. Be3 Nf4 14. g3 Nxe2 15.
Qxe2 Bh3 16. Rfd1 Ne6 17. c5 Qb8 18. Rxd6 Rc8 19. b4 a5 20. a3 axb4 21. axb4
Nd4 22. Nxd4 exd4 23. Bxd4 Bxd4 24. Rxd4 Qe5 25. Rbd1 b6 26. Qe3 bxc5 27. Rd5
Qb8 28. bxc5 Qb4 29. g4 Kg7 30. Ne2 Ra3 31. Qf4 Ra2 32. Qe5+ Kh6 33. g5+ 1-0

[Event "27. ekipno prvenstvo RH - I.B"]
[Site "Biograd, Hotel Adria"]
[Date "2018.09.17"]
[Round "3.21"]
[White "Pap, Misa"]
[Black "Livaic, Leon"]
[Result "0-1"]
[WhiteElo "2482"]
[BlackElo "2483"]
[PlyCount "64"]
[EventDate "2018.09.15"]
[WhiteTeam "ŠK ŠIBENIK Šibenik"]
[BlackTeam "HAŠK MLADOST Zagreb"]

1. e4 c5 2. c3 d5 3. exd5 Qxd5 4. d4 Nc6 5. Nf3 Bf5 6. Be3 Nf6 7. Na3 e6 8.
dxc5 O-O-O 9. Nc4 Bxc5 10. Qxd5 Rxd5 11. Bxc5 Rxc5 12. Nd6+ Kc7 13. Nxf5 exf5
14. Bd3 Re8+ 15. Kf1 Ne5 16. Nxe5 Rcxe5 17. g3 Rd8 18. Rd1 Ne4 19. Bc2 Rxd1+
20. Bxd1 Rd5 21. Bb3 Rd2 22. f3 Ng5 23. f4 Ne4 24. Bxf7 Rf2+ 25. Kg1 Rxb2 26.
Kf1 Nxc3 27. Be6 Nd1 28. Ke1 Ne3 29. Rg1 Rb1+ 30. Kf2 Ng4+ 31. Kg2 Rb2+ 32. Kf1
Nxh2+ 0-1

[Event "27. ekipno prvenstvo RH - I.B"]
[Site "Biograd, Hotel Adria"]
[Date "2018.09.17"]
[Round "3.22"]
[White "Plat, Vojtech"]
[Black "Nikcevic, Nebojsa"]
[Result "1/2-1/2"]
[WhiteElo "2540"]
[BlackElo "2428"]
[PlyCount "39"]
[EventDate "2018.09.15"]
[WhiteTeam "HAŠK MLADOST Zagreb"]
[BlackTeam "ŠK ŠIBENIK Šibenik"]

1. e4 e5 2. Nf3 Nf6 3. d4 Nxe4 4. Bd3 Nc6 5. d5 Nc5 6. Be2 Ne7 7. Nxe5 Ng6 8.
Nc4 d6 9. Nc3 Be7 10. Be3 O-O 11. O-O Bf6 12. Bxc5 dxc5 13. Ne4 Re8 14. Bf3 Ne5
15. Nxe5 Bxe5 16. c3 Bf5 17. Ng3 Bd7 18. Re1 Bd6 19. Ne4 f5 20. Nxd6 1/2-1/2

[Event "27. ekipno prvenstvo RH - I.B"]
[Site "Biograd, Hotel Adria"]
[Date "2018.09.17"]
[Round "3.23"]
[White "Matkovic, Tonci"]
[Black "Zilka, Stepan"]
[Result "0-1"]
[WhiteElo "2274"]
[BlackElo "2521"]
[PlyCount "117"]
[EventDate "2018.09.15"]
[WhiteTeam "ŠK ŠIBENIK Šibenik"]
[BlackTeam "HAŠK MLADOST Zagreb"]

1. e4 c5 2. c4 d6 3. Nc3 Nc6 4. d3 g6 5. g3 Bg7 6. Bg2 e6 7. Nge2 Nge7 8. Rb1
O-O 9. O-O b6 10. a3 Bb7 11. b4 Nd4 12. Nxd4 Bxd4 13. Ne2 Bg7 14. Bb2 Bxb2 15.
Rxb2 Rb8 16. d4 cxd4 17. Nxd4 a6 18. Rd2 Qc7 19. Nc2 Qxc4 20. Rxd6 Bc6 21. Qd2
Qa2 22. Ne3 Qxd2 23. Rxd2 Rfc8 24. e5 Ba4 25. Rd6 Rc3 26. Ra1 Nf5 27. Nxf5 gxf5
28. Bf1 a5 29. Rd4 Bc6 30. b5 Bd5 31. Bg2 Rc5 32. Bxd5 Rd8 33. Rad1 Rdxd5 34.
Rxd5 exd5 35. a4 f6 36. exf6 Kf7 37. f4 Kxf6 38. Kf2 Rc2+ 39. Kf3 Rc3+ 40. Kf2
Rc2+ 41. Ke3 Ke6 42. Kd3 Rc4 43. Re1+ Kd6 44. Re5 Kc5 45. Rxf5 Rd4+ 46. Kc3
Rxa4 47. Rh5 Ra3+ 48. Kd2 a4 49. Rxh7 Kxb5 50. Rh8 Kc4 51. Rc8+ Kd4 52. Rb8
Ra2+ 53. Kc1 Kc3 54. Rc8+ Kd3 55. Kb1 Rxh2 56. Rc6 b5 57. Rc5 Rh1+ 58. Kb2 b4
59. Rxd5+ 0-1

[Event "27. ekipno prvenstvo RH - I.B"]
[Site "Biograd, Hotel Adria"]
[Date "2018.09.17"]
[Round "3.24"]
[White "Rogulj, Branko"]
[Black "Vlaic, Branko"]
[Result "1-0"]
[WhiteElo "2404"]
[BlackElo "2246"]
[PlyCount "51"]
[EventDate "2018.09.15"]
[WhiteTeam "HAŠK MLADOST Zagreb"]
[BlackTeam "ŠK ŠIBENIK Šibenik"]

1. e4 g6 2. d4 Bg7 3. Nc3 d5 4. exd5 Nf6 5. Bc4 Nbd7 6. Nf3 Nb6 7. Bb3 a5 8.
Na4 Nbxd5 9. c4 Nb4 10. O-O O-O 11. a3 Na6 12. h3 c6 13. Qe2 Bd7 14. Re1 e6 15.
Bg5 h6 16. Bh4 b5 17. Nc3 Qb6 18. c5 Qb7 19. Ne5 g5 20. Bg3 Rad8 21. Bc2 Nc7
22. Qd3 h5 23. f4 gxf4 24. Bxf4 Nce8 25. Bg5 Bc8 26. Rf1 1-0

[Event "27. ekipno prvenstvo RH - I.B"]
[Site "Biograd, Hotel Adria"]
[Date "2018.09.17"]
[Round "3.25"]
[White "Malenica, Mario"]
[Black "Vujakovic, Branko"]
[Result "1/2-1/2"]
[WhiteElo "2212"]
[BlackElo "2340"]
[PlyCount "103"]
[EventDate "2018.09.15"]
[WhiteTeam "ŠK ŠIBENIK Šibenik"]
[BlackTeam "HAŠK MLADOST Zagreb"]

1. c4 Nf6 2. Nc3 d5 3. cxd5 Nxd5 4. g3 g6 5. Bg2 Nb6 6. Nf3 Bg7 7. O-O O-O 8.
d3 Nc6 9. Be3 e5 10. a4 a5 11. Bxb6 cxb6 12. Nd2 Be6 13. Nc4 Rc8 14. Nb5 Bxc4
15. dxc4 Nd4 16. Nxd4 Qxd4 17. Bd5 Rc7 18. e3 Qc5 19. Ra3 b5 20. axb5 b6 21.
Ra4 Re8 22. Qd2 Bf8 23. Rb1 Qe7 24. b4 axb4 25. Rbxb4 Qf6 26. Rb2 Kg7 27. Rba2
Bc5 28. Bc6 Rd8 29. Qe2 Qe7 30. h4 h5 31. Ra8 Rxa8 32. Rxa8 Ra7 33. Re8 Qf6 34.
Qb2 Re7 35. Ra8 Qd6 36. Kg2 Qf6 37. Qa1 Qd6 38. Bd5 Rd7 39. f4 Re7 40. Kf3 Kh7
41. Rf8 Qf6 42. e4 Bd4 43. Qc1 Ra7 44. Kg2 Bc5 45. Ra8 Rxa8 46. Bxa8 exf4 47.
Qxf4 Qb2+ 48. Kh3 Qa1 49. Qxf7+ Kh6 50. Qf4+ Kh7 51. Qf7+ Kh6 52. Qf4+ 1/2-1/2

[Event "27. ekipno prvenstvo RH - I.B"]
[Site "Biograd, Hotel Adria"]
[Date "2018.09.17"]
[Round "3.26"]
[White "Blazeka, Matej"]
[Black "Grgurevic, Boris"]
[Result "1-0"]
[WhiteElo "2354"]
[BlackElo "2145"]
[PlyCount "94"]
[EventDate "2018.09.15"]
[WhiteTeam "HAŠK MLADOST Zagreb"]
[BlackTeam "ŠK ŠIBENIK Šibenik"]

1. e4 g6 2. d4 Bg7 3. Be3 d6 4. Qd2 Nf6 5. f3 O-O 6. Ne2 Nbd7 7. g4 c5 8. c3 b5
9. g5 Ne8 10. Na3 Qa5 11. h4 Nc7 12. h5 Ne6 13. hxg6 hxg6 14. Bh3 cxd4 15. cxd4
Qxd2+ 16. Kxd2 Nb6 17. b3 Bd7 18. Raf1 d5 19. Bxe6 fxe6 20. e5 a5 21. Nc2 Rac8
22. Nf4 Kf7 23. Ne1 b4 24. Ned3 Bb5 25. Rc1 Bxd3 26. Rxc8 Rxc8 27. Nxd3 Nd7 28.
Bf2 Ke8 29. Rc1 Kd8 30. Nf4 Nf8 31. Be1 Rc7 32. Rc2 Kd7 33. Rxc7+ Kxc7 34. Kc2
Kb6 35. Kb2 Kb5 36. a3 bxa3+ 37. Kxa3 Bh8 38. Bd2 Bg7 39. Bc3 Bh8 40. Bd2 Bg7
41. Bc1 Bh8 42. Ka2 Kb4 43. Ba3+ Kc3 44. Bxe7 Bg7 45. Bxf8 Bxf8 46. Nxe6 Be7
47. f4 Kd3 1-0

[Event "27. ekipno prvenstvo RH - I.B"]
[Site "Biograd, Hotel Adria"]
[Date "2018.09.17"]
[Round "3.31"]
[White "Brkic, Ante"]
[Black "Ruck, Robert"]
[Result "1/2-1/2"]
[WhiteElo "2565"]
[BlackElo "2502"]
[PlyCount "51"]
[EventDate "2018.09.15"]
[WhiteTeam "ŠK VINKOVCI Vinkovci"]
[BlackTeam "ŠK ĐURO ĐAKOVIĆ Slavonski Brod"]

1. e4 c5 2. Nf3 e6 3. d4 cxd4 4. Nxd4 Nc6 5. Nc3 Qc7 6. Be3 a6 7. a3 b5 8. Nxc6
Qxc6 9. Be2 Bb7 10. O-O Rc8 11. Qd2 Nf6 12. Rfd1 h6 13. f3 Bc5 14. Kh1 Bxe3 15.
Qxe3 Qc5 16. Qd2 O-O 17. Qd6 Rc6 18. Qxc5 Rxc5 19. Rd6 Rb8 20. Rb6 Rc6 21. Rxc6
Bxc6 22. Kg1 Kf8 23. Kf2 Ke7 24. Ke3 d6 25. Na2 Nd7 26. Nb4 1/2-1/2

[Event "27. ekipno prvenstvo RH - I.B"]
[Site "Biograd, Hotel Adria"]
[Date "2018.09.17"]
[Round "3.32"]
[White "Horvath, Adam"]
[Black "Kadric, Denis"]
[Result "1/2-1/2"]
[WhiteElo "2481"]
[BlackElo "2543"]
[PlyCount "90"]
[EventDate "2018.09.15"]
[WhiteTeam "ŠK ĐURO ĐAKOVIĆ Slavonski Brod"]
[BlackTeam "ŠK VINKOVCI Vinkovci"]

1. e4 Nc6 2. Nf3 d6 3. d4 Nf6 4. Nc3 g6 5. Bg5 Bg7 6. Qd2 h6 7. Bh4 a6 8. O-O-O
b5 9. d5 Na7 10. e5 dxe5 11. Nxe5 Bb7 12. Qe3 Nc8 13. Nc6 Bxc6 14. dxc6 Nd6 15.
Nd5 Nxd5 16. Rxd5 g5 17. Bg3 e6 18. Be5 Kf8 19. Rd2 Qe7 20. Be2 Bxe5 21. Qxe5
f6 22. Qe3 Kg7 23. Rhd1 Rhd8 24. h4 f5 25. hxg5 hxg5 26. f4 g4 27. c4 Qf6 28.
c5 Nf7 29. Rd7 Rxd7 30. Rxd7 Re8 31. Rxc7 e5 32. Bd1 Kf8 33. Bb3 exf4 34. Qxf4
Ne5 35. Qd4 Qh6+ 36. Kc2 f4 37. Qd6+ Qxd6 38. cxd6 f3 39. Rh7 fxg2 40. d7 g1=Q
41. Rh8+ Kg7 42. dxe8=Q Qf2+ 43. Kd1 Qf1+ 44. Kc2 Qf2+ 45. Kd1 Qf1+ 1/2-1/2

[Event "27. ekipno prvenstvo RH - I.B"]
[Site "Biograd, Hotel Adria"]
[Date "2018.09.17"]
[Round "3.33"]
[White "Maier, Christian"]
[Black "Dabo-Peranic, Robert"]
[Result "0-1"]
[WhiteElo "2357"]
[BlackElo "2284"]
[PlyCount "56"]
[EventDate "2018.09.15"]
[WhiteTeam "ŠK VINKOVCI Vinkovci"]
[BlackTeam "ŠK ĐURO ĐAKOVIĆ Slavonski Brod"]

1. Nf3 d5 2. c4 d4 3. b4 f6 4. e3 e5 5. Qc2 Bxb4 6. exd4 exd4 7. Qe4+ Qe7 8.
Qxe7+ Nxe7 9. Nxd4 Nbc6 10. Nc2 Bf5 11. Ne3 O-O-O 12. Nc3 Bxc3 13. dxc3 Ne5 14.
Ba3 Rhe8 15. Rd1 Nd3+ 16. Bxd3 Bxd3 17. Bxe7 Rxe7 18. Kd2 Bxc4+ 19. Kc2 Rxd1
20. Rxd1 Be6 21. Rd4 c5 22. Re4 Bb3+ 23. Kd3 Rxe4 24. Kxe4 Bxa2 25. c4 Kd7 26.
Kd5 b5 27. Kxc5 Bxc4 28. Nf5 g6 0-1

[Event "27. ekipno prvenstvo RH - I.B"]
[Site "Biograd, Hotel Adria"]
[Date "2018.09.17"]
[Round "3.35"]
[White "Pucovski, Miroslav"]
[Black "Rubil, Marko"]
[Result "1/2-1/2"]
[WhiteElo "2241"]
[BlackElo "2213"]
[PlyCount "34"]
[EventDate "2018.09.15"]
[WhiteTeam "ŠK VINKOVCI Vinkovci"]
[BlackTeam "ŠK ĐURO ĐAKOVIĆ Slavonski Brod"]

1. e4 e5 2. Nf3 Nc6 3. Bc4 Bc5 4. c3 Nf6 5. d3 a6 6. Bb3 Ba7 7. Nbd2 d6 8. Nf1
O-O 9. Ng3 h6 10. O-O Re8 11. Re1 Be6 12. Bxe6 fxe6 13. Be3 Qd7 14. Bxa7 Rxa7
15. d4 exd4 16. Nxd4 Raa8 17. Nxc6 Qxc6 1/2-1/2

[Event "27. ekipno prvenstvo RH - I.B"]
[Site "Biograd, Hotel Adria"]
[Date "2018.09.17"]
[Round "3.36"]
[White "Matanovic, Luka"]
[Black "Bubalovic, Davorin"]
[Result "0-1"]
[WhiteElo "2251"]
[BlackElo "2206"]
[PlyCount "88"]
[EventDate "2018.09.15"]
[WhiteTeam "ŠK ĐURO ĐAKOVIĆ Slavonski Brod"]
[BlackTeam "ŠK VINKOVCI Vinkovci"]

1. e4 c5 2. Nf3 e6 3. g3 Nc6 4. Bg2 e5 5. O-O Nf6 6. c3 d6 7. Re1 Be7 8. h3 Qb6
9. Na3 Be6 10. Ng5 O-O 11. Nxe6 fxe6 12. Qb3 Qxb3 13. axb3 Na5 14. Nb5 Nxb3 15.
Ra3 Nxc1 16. Rxc1 a6 17. Nc7 Rac8 18. Nxe6 Rfe8 19. Rb3 Rb8 20. d4 Bf8 21. Nxf8
Kxf8 22. dxc5 dxc5 23. Rd1 Re6 24. f4 Ke7 25. Ra1 c4 26. Rb4 b5 27. b3 cxb3 28.
fxe5 Nd7 29. Rxb3 Nxe5 30. Bf1 Rd8 31. Be2 Rc6 32. Kf2 Nd7 33. Ke3 Nc5 34. Rb4
Re6 35. h4 h6 36. Rf1 Rdd6 37. Rf4 Rd8 38. c4 bxc4 39. Bxc4 Re5 40. Rb6 g5 41.
hxg5 hxg5 42. Rg4 Rd6 43. Rb8 Nd7 44. Kf3 Nxb8 0-1

[Event "27. ekipno prvenstvo RH - I.B"]
[Site "Biograd, Hotel Adria"]
[Date "2018.09.17"]
[Round "3.43"]
[White "Saric, Ibro"]
[Black "Ostovic, Matija"]
[Result "1-0"]
[WhiteElo "2546"]
[BlackElo "2390"]
[PlyCount "117"]
[EventDate "2018.09.15"]
[WhiteTeam "ŠK MORNAR Split"]
[BlackTeam "ŠŠK PODRAVKA Koprivnica"]

1. Nf3 Nf6 2. g3 g6 3. b3 Bg7 4. Bb2 O-O 5. Bg2 d6 6. d4 e5 7. dxe5 Ng4 8. Qc1
Nxe5 9. Nxe5 Bxe5 10. Bxe5 dxe5 11. h4 e4 12. Bxe4 Re8 13. Bg2 Nc6 14. e3 Qf6
15. Nd2 Nd4 16. c3 Nb5 17. Qb2 Bf5 18. a4 Nd6 19. O-O Rad8 20. Rfe1 b5 21. e4
Bc8 22. f4 Nb7 23. axb5 Qb6+ 24. Kh2 Qxb5 25. Bf1 Qc6 26. b4 a5 27. e5 axb4 28.
cxb4 Bf5 29. Bg2 Qb6 30. Nc4 Qb5 31. Rec1 Be6 32. Ra7 Bd5 33. Bf1 Bxc4 34. Rxc4
Qb6 35. Ra3 Rd1 36. Bg2 Red8 37. Rc2 Qg1+ 38. Kh3 R1d3 39. Rxd3 Rxd3 40. Rc3
Qd4 41. Rb3 Qd7+ 42. Kh2 Rd2 43. Qc3 Nd8 44. Rb2 Rd3 45. Qc2 Ne6 46. Bh3 Qd4
47. Bxe6 fxe6 48. Ra2 Rc3 49. Qd2 Rd3 50. Qe2 Rd1 51. Qg2 Qxb4 52. Qc6 Qb3 53.
Qe8+ Kg7 54. Qe7+ Kh6 55. Rg2 Qb8 56. g4 Qg8 57. g5+ Kh5 58. Qa3 Rf1 59. Qg3
1-0

[Event "27. ekipno prvenstvo RH - I.B"]
[Site "Biograd, Hotel Adria"]
[Date "2018.09.17"]
[Round "3.44"]
[White "Ivekovic, Zvonimir"]
[Black "Plenca, Julijan"]
[Result "1-0"]
[WhiteElo "2424"]
[BlackElo "2417"]
[PlyCount "67"]
[EventDate "2018.09.15"]
[WhiteTeam "ŠŠK PODRAVKA Koprivnica"]
[BlackTeam "ŠK MORNAR Split"]

1. e4 c5 2. Nf3 d6 3. d4 cxd4 4. Nxd4 Nf6 5. Nc3 g6 6. Be3 Bg7 7. f3 O-O 8. Qd2
Nc6 9. O-O-O d5 10. Nxc6 bxc6 11. Bc4 Qc7 12. exd5 cxd5 13. Bxd5 Nxd5 14. Nxd5
Qb7 15. Qb4 Qxb4 16. Nxb4 Rb8 17. c3 Bf5 18. g4 Be6 19. Bxa7 Rb7 20. Bd4 Bh6+
21. Kb1 Ra8 22. b3 Bf4 23. Nd3 Bd6 24. Nc5 Bxc5 25. Bxc5 Rc7 26. Bd4 Rc6 27. c4
f5 28. g5 f4 29. Be5 Rb6 30. Rd4 Rba6 31. a4 Bf5+ 32. Kb2 Rb6 33. Kc3 Ra7 34.
Rd8+ 1-0

[Event "27. ekipno prvenstvo RH - I.B"]
[Site "Biograd, Hotel Adria"]
[Date "2018.09.17"]
[Round "3.45"]
[White "Bobanac, Miro"]
[Black "Mathe, Gaspar"]
[Result "1/2-1/2"]
[WhiteElo "2288"]
[BlackElo "2308"]
[PlyCount "121"]
[EventDate "2018.09.15"]
[WhiteTeam "ŠK MORNAR Split"]
[BlackTeam "ŠŠK PODRAVKA Koprivnica"]

1. b3 e5 2. Bb2 Nc6 3. e3 Nf6 4. Ne2 d5 5. d4 Bd6 6. dxe5 Bxe5 7. Bxe5 Nxe5 8.
Qd4 Qe7 9. Nf4 c6 10. Nd2 O-O 11. Bd3 Rd8 12. O-O b6 13. Rfe1 Bb7 14. Rad1 c5
15. Qb2 Qc7 16. Be2 d4 17. Nf1 dxe3 18. Nxe3 Nf3+ 19. Bxf3 Bxf3 20. Rxd8+ Rxd8
21. Nd3 Be4 22. Qe5 Qxe5 23. Nxe5 Kf8 24. f3 Bb7 25. Kf2 g6 26. g4 h5 27. g5
Rd2+ 28. Kg3 Ne8 29. N3c4 Rd8 30. h4 Ng7 31. Ne3 Rd6 32. N5c4 Rd4 33. Ne5 Ne6
34. c3 Rd8 35. Re2 Ba6 36. Re1 Rd2 37. a3 Bb7 38. N3c4 Rc2 39. Nxg6+ Kg7 40.
Nge5 Rxc3 41. Re3 Rxe3 42. Nxe3 Nd4 43. b4 cxb4 44. axb4 a5 45. bxa5 bxa5 46.
N5c4 a4 47. f4 Ne2+ 48. Kf2 Nxf4 49. Nf5+ Kh7 50. Ke3 Ng6 51. Kd4 Bc8 52. Nce3
Be6 53. Kc3 a3 54. Ng3 Nxh4 55. Nxh5 Nf3 56. Nf4 a2 57. Kb2 Bb3 58. Nd3 Kg6 59.
Nc5 Nd4 60. Nxb3 Nxb3 61. Kxa2 1/2-1/2